000 01044nam a22003497a 4500
005 20260407172816.0
008 230222b2020 |||||||| |||| 00| 0 eng d
020 _a9788416228959
041 _aING
082 _a001.42 N458c
100 _aNesbitt, David
245 _aCómo redactar textos científicos en inglés: for spanish speakers
260 _aEspaña
260 _bIbergarceta Publicaciones
260 _c2020
300 _a560 páginas
_bContiene ilustraciones blanco y negro
490 _aTemática General
650 _aMÉTODOS DE INVESTIGACIÓN
650 _aREDACCIÓN ACADÉMICA
650 _aESCRITURA CIENTÍFICA
650 _aESTRATEGIA DE LA ESCRITURA
650 _aCITACIÓN
650 _aREFERENCIAS
650 _aPRESENTACIÓN DEL MANUSCRITO
650 _aCARTA DE PRESENTACIÓN
650 _aCURRÍCULUM VITAE
650 _aTEORÍA DE LA ESCRITURA
650 _aMECANISMOS DE LA ESCRITURA
650 _aESTRUCTURA DE ORACIONES
650 _aCONSTRUCCIÓN DE ORACIONES
942 _cBK
_2ddc
999 _c13431
_d13431